Представление документа в формате RUSMARC

Поле Инд. ПП Название Значение
Тип записи a
Библиографический уровень m
001 Контрольный номер 46e4d15f3fb1482cb541a94a1f52e77c
005 Дата корректировки 20181120154600.9
100 a Данные общей обработки 20180228 ||| 0rusy0189 ca
101 0_ a Язык текста rus
102 a Страна публикации RU
200 1_ a Заглавие № 7
b Общее обозначение материала Текст
210 1_ d Дата издания 2018
461 _0 1 2000
a Административное право и процесс
1 001e46b962bb926483787f54162aef89c11
801 _0 a Страна RU
b Организация РГУП
c Дата составления 20180228
g Правила каталогизации PSBO
801 _1 a Страна RU
b Организация РГУП
c Дата составления 20180228
g Правила каталогизации PSBO
901 t Тип документа s
w Контрольный № источника e46b962bb926483787f54162aef89c11
905 a Дата ввода 20180228